000 02097nam a2200337 a 4500
001 BRCA_3092
005 20190320204116.0
008 280109s1836----fr-a---###---#000-0dfre-u
041 _afre
044 _afr
084 _a398
_b.D83
_c1836
100 1 _aCervantes Saavedra, Miguel de
_d1547-1616
_9213
245 1 0 _aL´Ingenieux Hidalgo Don Quichotte de la Manche
_cpar Miguel de Cervantes Saavedra.
260 _aParís
_bJ.J. Dubochet
_c1836
300 _a2 v.
_bil.
_c25 cm.
500 _aContenido : v 1. Primera parte. Noticia sobre la vida y obra de Cervantes por Viardot. Nota del traductor. Prólogo del autor. Texto. -- v 2. Segunda parte. Prólogo del autor. Texto
500 _aEdición : Traduite et annoté par Louis Viardot. Vignettes de Tony Johannot
500 _aTraducción de L. Viardot. Está hecha escrupulosamente, sin suprimir el menor fragmento y sin añadir nada suyo, procurando reproducir con fidelidad el texto cervantino; para conseguirlo usa a veces giros y expresiones que no son del uso corriente en francés. No obstante haber suprimido las dedicatorias de ambas partes y los versos preliminares de la primera, es sin duda, la mejor de las versiones publicadas hasta aquel entonces en la lengua francesa. Los 800 dibujos de Johannot son conocidos de todo el mundo, dado que rara será la nación que no posea alguna traducción del Quijote adornada con ellos. En España se copiaron en muchas ediciones. Semipiel; lomeras adornadas con dorados Lúdovik Osterc
500 _aEstado físico : Contiene anotaciones manuscritas en la guarda
500 _aQM325
546 _aTexto en : francés
650 1 4 _aNovela española
_yÉpoca clásica, 1500-1700
_9215
650 1 4 _aLiteratura española
_yÉpoca clásica, 1500-1700
_9216
650 1 4 _aNovela española
_ySiglo XVII
_9217
650 1 4 _aDon Quijote (Personaje ficticio)
_eNovela
_9218
700 1 _aViardot, Louis
_d1800-1883
_eTraductor
_98433
700 1 _aJohannot, Tony
_d1803-1852
_eIlustrador
_98434
740 0 _aEl Ingenioso Hidalgo Don Quijote de la Mancha
902 _aQFM
942 _2lcc
_cB
999 _c2828
_d2828